Pays sans la lettre i - Mort subite - Statistiques

Statistiques générales
  • Ce quiz a été pris 470 fois
  • Le résultat moyen est 20 sur 21
Answers on the Grid
Answers color-coded by a green-red scale on the quiz's grid according to % correct below.
Canada
Japon
Norvège
Suède
France
Samoa
Panama
Gabon
Maroc
Yémen
Népal
Cuba
Laos
Qatar
Grèce
Ghana
Togo
Tchad
Corée du Sud
Corée du Nord
Finlande
Tunisie
Algérie
Chili
Haïti
République dominicaine
Dominique
Philippines
Arabie saoudite
Brésil
Azerbaïdjan
Géorgie
Égypte
Croatie
Lituanie
Lettonie
 
Statistiques - réponses
Réponse % Correct
Japon
97%
Norvège
97%
Canada
96%
Corée du Nord
96%
Cuba
96%
France
96%
Gabon
96%
Ghana
96%
Maroc
96%
Qatar
96%
Yémen
96%
Grèce
95%
Laos
95%
Népal
95%
Panama
95%
Samoa
95%
Suède
95%
Tchad
95%
Togo
95%
Corée du Sud
94%
Égypte
94%
Aucun quiz correspondant
Distribution des résultats
% des personnes avec chaque résultat
Percentile par nombre de réponses
Votre historique - résultats
Vous n’avez pas pris ce quiz